[Event "Werner-Ott-Open Kreuzberger Sommer 2017"]
[Site "Berlin"]
[Date "2018.06.30"]
[Round "1.1"]
[White "Stern, Rene"]
[Black "Fock, Amina"]
[Result "1-0"]
[WhiteElo "2510"]
[BlackElo "1770"]
[PlyCount "63"]
[EventDate "2018.06.30"]
[EventType "swiss"]
[EventRounds "9"]
[EventCountry "GER"]
[SourceTitle "WOOKS 2018"]
[Source "SC Kreuzberg"]
[SourceDate "2018.06.30"]
[SourceVersion "1"]
[SourceVersionDate "2018.06.30"]
[SourceQuality "1"]
[WhiteTeam "SK Koenig Tegel 1949"]
[BlackTeam "SC Zugzwang 95"]
[WhiteTeamCountry "GER"]
[BlackTeamCountry "GER"]

1. Nf3 f5 2. d4 g6 3. g3 Bg7 4. Bg2 Nf6 5. b3 O-O 6. Bb2 d6 7. Nbd2 Qe8 8. O-O
Nbd7 9. Nc4 Rb8 10. d5 Nc5 11. a4 Nce4 12. Nfd2 Nxd2 13. Qxd2 e5 14. Qa5 b6 15.
Qxa7 Bb7 16. Ba3 Qd8 17. a5 b5 18. Nxe5 dxe5 19. Bxf8 Bxf8 20. d6 c6 21. a6 Ba8
22. d7 Be7 23. Rfd1 Nd5 24. c4 bxc4 25. bxc4 Nc7 26. Rab1 Rxb1 27. Rxb1 Qxd7
28. Rb8+ Kf7 29. Rxa8 Qd1+ 30. Bf1 Nxa8 31. Qxa8 Qa4 32. a7 1-0

[Event "Werner-Ott-Open Kreuzberger Sommer 2017"]
[Site "Berlin"]
[Date "2018.06.30"]
[Round "1.2"]
[White "Scholta, Danilo"]
[Black "Ahmadinia, Ebrahim"]
[Result "0-1"]
[WhiteElo "1767"]
[BlackElo "2415"]
[PlyCount "42"]
[EventDate "2018.06.30"]
[EventType "swiss"]
[EventRounds "9"]
[EventCountry "GER"]
[SourceTitle "WOOKS 2018"]
[Source "SC Kreuzberg"]
[SourceDate "2018.06.30"]
[SourceVersion "1"]
[SourceVersionDate "2018.06.30"]
[SourceQuality "1"]
[WhiteTeam "SV Empor Berlin"]
[BlackTeam "SF 1903 Berlin 1903"]
[WhiteTeamCountry "GER"]
[BlackTeamCountry "GER"]

1. d4 g6 2. e3 Bg7 3. c3 Nf6 4. Bc4 O-O 5. f4 d5 6. Bd3 c5 7. Nf3 Nc6 8. O-O
Bf5 9. Bxf5 gxf5 10. Ne5 e6 11. Nd2 Kh8 12. Rf3 Ng4 13. Rh3 Ncxe5 14. fxe5 f6
15. exf6 Rxf6 16. Nf3 Rg6 17. e4 dxe4 18. Nh4 Rf6 19. Bg5 cxd4 20. cxd4 Qb6 21.
Bxf6 Bxf6 0-1

[Event "Werner-Ott-Open Kreuzberger Sommer 2017"]
[Site "Berlin"]
[Date "2018.06.30"]
[Round "1.3"]
[White "Malek, Daniel"]
[Black "Fock, Sana"]
[Result "1-0"]
[WhiteElo "2383"]
[BlackElo "1761"]
[PlyCount "77"]
[EventDate "2018.06.30"]
[EventType "swiss"]
[EventRounds "9"]
[EventCountry "GER"]
[SourceTitle "WOOKS 2018"]
[Source "SC Kreuzberg"]
[SourceDate "2018.06.30"]
[SourceVersion "1"]
[SourceVersionDate "2018.06.30"]
[SourceQuality "1"]
[WhiteTeam "SK Zehlendorf"]
[BlackTeam "SC Zugzwang 95"]
[WhiteTeamCountry "GER"]
[BlackTeamCountry "GER"]

1. c4 c6 2. e4 e5 3. Nf3 d6 4. d4 Nd7 5. Nc3 Ngf6 6. Be2 Be7 7. O-O O-O 8. Be3
a5 9. d5 Qc7 10. Nd2 Re8 11. a3 Nf8 12. Rc1 Bd7 13. b4 axb4 14. axb4 Rec8 15.
c5 cxd5 16. Nxd5 Ba4 17. Nxc7 Bxd1 18. Nxa8 Bxe2 19. cxd6 Rxc1 20. Rxc1 Bxd6
21. Bc5 Ne8 22. Nb6 Ne6 23. Bxd6 Nxd6 24. Nbc4 Nxc4 25. Nxc4 g6 26. Nxe5 Bb5
27. Rc8+ Kg7 28. Rb8 Ba6 29. Nxf7 Kxf7 30. b5 Nc5 31. bxa6 bxa6 32. f3 Ke7 33.
Kf2 Kd6 34. Ke3 Kc7 35. Rh8 Kb6 36. Rxh7 a5 37. Rh6 a4 38. Rxg6+ Kb5 39. Kd4
1-0

[Event "Werner-Ott-Open Kreuzberger Sommer 2017"]
[Site "Berlin"]
[Date "2018.06.30"]
[Round "1.5"]
[White "Radovanovic, Jovica"]
[Black "Guder, Sibylle"]
[Result "1-0"]
[WhiteElo "2311"]
[BlackElo "1750"]
[PlyCount "73"]
[EventDate "2018.06.30"]
[EventType "swiss"]
[EventRounds "9"]
[EventCountry "GER"]
[SourceTitle "WOOKS 2018"]
[Source "SC Kreuzberg"]
[SourceDate "2018.06.30"]
[SourceVersion "1"]
[SourceVersionDate "2018.06.30"]
[SourceQuality "1"]
[BlackTeam "SF 1903 Berlin 1903"]
[BlackTeamCountry "GER"]

1. d4 Nf6 2. Nf3 d5 3. c4 e6 4. g3 Bb4+ 5. Bd2 Be7 6. Bg2 O-O 7. O-O c6 8. Qc2
a5 9. Bf4 Nh5 10. Bc1 f5 11. b3 Na6 12. Nbd2 Nf6 13. Bb2 Ne4 14. Ne5 Bd6 15.
Nxe4 fxe4 16. f3 exf3 17. Bxf3 Bxe5 18. dxe5 Bd7 19. Qd2 Be8 20. Bg4 Rxf1+ 21.
Rxf1 Bf7 22. cxd5 Qxd5 23. Qf4 Qc5+ 24. Kg2 Qe7 25. h4 Rd8 26. Bd4 c5 27. Be3
Nb4 28. Bxc5 Qd7 29. Bxb4 axb4 30. Qxb4 b5 31. Bf3 Rc8 32. Qd6 Qa7 33. Rc1 Rf8
34. Qc5 Qa6 35. Rc2 g6 36. Qd4 Kg7 37. Qf4 {time} 1-0

[Event "Werner-Ott-Open Kreuzberger Sommer 2017"]
[Site "Berlin"]
[Date "2018.06.30"]
[Round "1.6"]
[White "Jansen, Robert"]
[Black "Hacker, Jonas"]
[Result "0-1"]
[WhiteElo "1748"]
[BlackElo "2291"]
[PlyCount "68"]
[EventDate "2018.06.30"]
[EventType "swiss"]
[EventRounds "9"]
[EventCountry "GER"]
[SourceTitle "WOOKS 2018"]
[Source "SC Kreuzberg"]
[SourceDate "2018.06.30"]
[SourceVersion "1"]
[SourceVersionDate "2018.06.30"]
[SourceQuality "1"]
[WhiteTeam "SC Kreuzberg"]
[BlackTeam "SC Eppingen"]
[WhiteTeamCountry "GER"]
[BlackTeamCountry "GER"]

1. d4 Nf6 2. c4 e6 3. Nc3 Bb4 4. Qc2 c5 5. e3 Nc6 6. Nf3 d5 7. cxd5 exd5 8. Bb5
O-O 9. Bxc6 bxc6 10. O-O cxd4 11. exd4 h6 12. Be3 Re8 13. Rfe1 Ne4 14. Qa4 a5
15. Rac1 Bd7 16. Ne5 Re6 17. Re2 Nxc3 18. bxc3 Bd6 19. Nxd7 Qxd7 20. c4 Rg6 21.
cxd5 Qg4 22. f3 Qh5 23. g4 Qxd5 24. Rf2 h5 25. h3 Re8 26. Rc3 hxg4 27. hxg4
Rge6 28. Bd2 Bg3 29. Rf1 Re2 30. Rd3 Bh2+ 31. Kh1 Bc7 32. Qb3 Qd6 33. f4 a4 34.
Qc4 Qh6+ 0-1

[Event "Werner-Ott-Open Kreuzberger Sommer 2017"]
[Site "Berlin"]
[Date "2018.06.30"]
[Round "1.7"]
[White "Rehberg, Raphael"]
[Black "Wunderlich, Fabian"]
[Result "1-0"]
[WhiteElo "2279"]
[BlackElo "1747"]
[PlyCount "73"]
[EventDate "2018.06.30"]
[EventType "swiss"]
[EventRounds "9"]
[EventCountry "GER"]
[SourceTitle "WOOKS 2018"]
[Source "SC Kreuzberg"]
[SourceDate "2018.06.30"]
[SourceVersion "1"]
[SourceVersionDate "2018.06.30"]
[SourceQuality "1"]
[WhiteTeam "SG Lok Brandenburg"]
[WhiteTeamCountry "GER"]

1. e4 c5 2. Nf3 g6 3. d4 cxd4 4. Qxd4 Nf6 5. e5 Nc6 6. Qa4 Nd5 7. Qe4 Nc7 8.
Nc3 Bg7 9. Bf4 O-O 10. Bc4 b5 11. Bb3 Bb7 12. h4 Na5 13. Qe3 Nxb3 14. axb3 b4
15. Ne2 Nd5 16. Qe4 Qc7 17. Bg3 Nc3 18. Qc4 Qxc4 19. bxc4 Ne4 20. Bf4 Rfc8 21.
b3 h6 22. Ra5 Rc5 23. Rxc5 Nxc5 24. Ned4 a5 25. Ke2 Ne4 26. Nb5 Bc6 27. Nfd4 g5
28. hxg5 hxg5 29. Bh2 g4 30. Bf4 Bxb5 31. Nxb5 f6 32. e6 d6 33. Nd4 d5 34. Nf5
Kf8 35. Rh7 dxc4 36. Bh6 Bxh6 37. Rh8# 1-0

[Event "Werner-Ott-Open Kreuzberger Sommer 2017"]
[Site "Berlin"]
[Date "2018.06.30"]
[Round "1.8"]
[White "Rouditser, Benjamin"]
[Black "Jeremic, Dusan"]
[Result "0-1"]
[WhiteElo "1739"]
[BlackElo "2179"]
[PlyCount "146"]
[EventDate "2018.06.30"]
[EventType "swiss"]
[EventRounds "9"]
[EventCountry "GER"]
[SourceTitle "WOOKS 2018"]
[Source "SC Kreuzberg"]
[SourceDate "2018.06.30"]
[SourceVersion "1"]
[SourceVersionDate "2018.06.30"]
[SourceQuality "1"]
[WhiteTeam "SVg Lasker Steglitz-Wilmersdorf"]
[BlackTeam "SF 1903 Berlin 1903"]
[WhiteTeamCountry "GER"]
[BlackTeamCountry "GER"]

1. d4 Nf6 2. c4 e6 3. Nc3 c5 4. d5 d6 5. e4 g6 6. Nge2 exd5 7. exd5 Bg7 8. Ng3
O-O 9. Be2 Nbd7 10. Bf4 Ne8 11. O-O Ne5 12. Kh1 Qh4 13. Qd2 h6 14. Bxe5 Bxe5
15. f4 Bg7 16. f5 Be5 17. Kg1 Bxf5 18. Rxf5 gxf5 19. Nxf5 Qxh2+ 20. Kf2 Ng7 21.
Nxh6+ Kh7 22. Ng4 Qg3+ 23. Kf1 Bf4 24. Qd3+ f5 25. Nf2 Rae8 26. Qxg3 Bxg3 27.
a3 Re7 28. b4 Be5 29. Rc1 Rfe8 30. Nfd1 Bd4 31. Rc2 Nh5 32. bxc5 Ng3+ 33. Ke1
Bxc5 34. Nb2 Bd4 35. Nba4 Re3 36. Kd1 Bxc3 37. Nxc3 Rxc3 38. Rxc3 Nxe2 39. Rb3
b6 40. Kd2 f4 41. Rf3 Kg6 42. Rf2 Ng3 43. Rxf4 Re2+ 44. Kc3 Rxg2 45. Rf8 Ne4+
46. Kd4 Ng5 47. Ra8 Rg4+ 48. Kc3 Ne4+ 49. Kb4 Nd2 50. Rxa7 Nxc4 51. Kb5 Kf5 52.
a4 Ke5 53. Kc6 Rg8 54. Rc7 Ra8 55. Kb5 Ne3 56. Re7+ Kd4 57. Re6 Nc4 58. Rh6
Kxd5 59. Rh7 Ne5 60. Rh4 Nf3 61. Rf4 Nd4+ 62. Kxb6 Rxa4 63. Rf6 Rc4 64. Rh6
Rc6+ 65. Kb7 Kc5 66. Rh1 d5 67. Rd1 Rh6 68. Kc7 Rh7+ 69. Kc8 Nb5 70. Rd2 Nd6+
71. Kb8 d4 72. Ka8 Kb6 73. Rb2+ Nb5 0-1

[Event "Werner-Ott-Open Kreuzberger Sommer 2017"]
[Site "Berlin"]
[Date "2018.06.30"]
[Round "1.9"]
[White "Klatt, Jan"]
[Black "Baumeister, Wolfgang"]
[Result "0-1"]
[WhiteElo "2177"]
[BlackElo "1730"]
[PlyCount "44"]
[EventDate "2018.06.30"]
[EventType "swiss"]
[EventRounds "9"]
[EventCountry "GER"]
[SourceTitle "WOOKS 2018"]
[Source "SC Kreuzberg"]
[SourceDate "2018.06.30"]
[SourceVersion "1"]
[SourceVersionDate "2018.06.30"]
[SourceQuality "1"]
[WhiteTeam "SG Guestrow"]
[BlackTeam "SC Kreuzberg"]
[WhiteTeamCountry "GER"]
[BlackTeamCountry "GER"]

1. g3 f5 2. Bg2 Nf6 3. d3 d5 4. Nf3 e6 5. b3 Be7 6. Bb2 O-O 7. Nbd2 c6 8. Ne5
Nbd7 9. Nxd7 Bxd7 10. a4 a5 11. O-O Be8 12. e4 fxe4 13. dxe4 Bh5 14. Qe1 Bc5
15. h3 Qc7 16. Kh1 Bg6 17. e5 Nh5 18. Kh2 Qb6 19. Bf3 Bxc2 20. Bxh5 Bd3 21. Be2
Bxf2 22. Qd1 Qe3 0-1

[Event "Werner-Ott-Open Kreuzberger Sommer 2017"]
[Site "Berlin"]
[Date "2018.06.30"]
[Round "1.10"]
[White "Granzin, David"]
[Black "Kauschmann, Herbert"]
[Result "1/2-1/2"]
[WhiteElo "1729"]
[BlackElo "2162"]
[PlyCount "51"]
[EventDate "2018.06.30"]
[EventType "swiss"]
[EventRounds "9"]
[EventCountry "GER"]
[SourceTitle "WOOKS 2018"]
[Source "SC Kreuzberg"]
[SourceDate "2018.06.30"]
[SourceVersion "1"]
[SourceVersionDate "2018.06.30"]
[SourceQuality "1"]
[WhiteTeam "SC Kreuzberg"]
[BlackTeam "BSC Rehberge 1945"]
[WhiteTeamCountry "GER"]
[BlackTeamCountry "GER"]

1. e4 g6 2. Nf3 Bg7 3. Bb5 c5 4. c3 a6 5. Ba4 b5 6. Bc2 Bb7 7. O-O d5 8. d3 e6
9. a4 Nd7 10. exd5 Bxd5 11. d4 Ngf6 12. Qe2 O-O 13. Bf4 Qb6 14. Nbd2 cxd4 15.
cxd4 Rac8 16. Bd3 Bc6 17. Ne4 Bxe4 18. Bxe4 Nd5 19. Bxd5 exd5 20. axb5 axb5 21.
Qd3 Rfe8 22. Rfe1 Qf6 23. Qb3 Rxe1+ 24. Rxe1 Qc6 25. h3 Qb7 26. Ra1 1/2-1/2

[Event "Werner-Ott-Open Kreuzberger Sommer 2017"]
[Site "Berlin"]
[Date "2018.06.30"]
[Round "1.11"]
[White "Wierzbicki, Jirawat"]
[Black "Nitsche, Nikolai"]
[Result "1-0"]
[WhiteElo "2161"]
[BlackElo "1726"]
[PlyCount "73"]
[EventDate "2018.06.30"]
[EventType "swiss"]
[EventRounds "9"]
[EventCountry "GER"]
[SourceTitle "WOOKS 2018"]
[Source "SC Kreuzberg"]
[SourceDate "2018.06.30"]
[SourceVersion "1"]
[SourceVersionDate "2018.06.30"]
[SourceQuality "1"]
[WhiteTeam "SK Koenig Tegel 1949"]
[BlackTeam "SV Empor Berlin"]
[WhiteTeamCountry "GER"]
[BlackTeamCountry "GER"]

1. e4 e6 2. d3 d5 3. Qe2 Nf6 4. Nf3 Be7 5. g3 c5 6. Bg2 Nc6 7. O-O O-O 8. e5
Nd7 9. c4 Nb6 10. h4 dxc4 11. dxc4 f6 12. Rd1 Qc7 13. exf6 Bxf6 14. Na3 a6 15.
Ng5 Nd4 16. Qe4 Bxg5 17. Bxg5 Rb8 18. Bf4 Rxf4 19. gxf4 Bd7 20. Qe5 Qxe5 21.
fxe5 Rf8 22. b4 Ba4 23. Rd2 Nf3+ 24. Bxf3 Rxf3 25. bxc5 Nd7 26. Nb5 Nxe5 27.
Rd8+ Rf8 28. Rxf8+ Kxf8 29. Nd4 Nxc4 30. Nxe6+ Kg8 31. Nd4 Ne5 32. Rb1 Nd3 33.
Rxb7 Nxc5 34. Rc7 Nd3 35. Ne6 g6 36. Rg7+ Kh8 37. Ra7 1-0

[Event "Werner-Ott-Open Kreuzberger Sommer 2017"]
[Site "Berlin"]
[Date "2018.06.30"]
[Round "1.13"]
[White "Federau, Juergen"]
[Black "Hecht, Jonas Christian"]
[Result "1-0"]
[WhiteElo "2127"]
[BlackElo "1721"]
[PlyCount "109"]
[EventDate "2018.06.30"]
[EventType "swiss"]
[EventRounds "9"]
[EventCountry "GER"]
[SourceTitle "WOOKS 2018"]
[Source "SC Kreuzberg"]
[SourceDate "2018.06.30"]
[SourceVersion "1"]
[SourceVersionDate "2018.06.30"]
[SourceQuality "1"]
[WhiteTeam "SC Kreuzberg"]
[BlackTeam "SC Kreuzberg"]
[WhiteTeamCountry "GER"]
[BlackTeamCountry "GER"]

1. d4 d5 2. c4 c6 3. Nf3 Nf6 4. Nc3 dxc4 5. a4 Bf5 6. e3 e6 7. Bxc4 Nbd7 8. O-O
Bg6 9. Qe2 Bb4 10. Rd1 O-O 11. Na2 Bd6 12. b4 Rc8 13. Bb2 Nb6 14. Bb3 Nbd5 15.
b5 cxb5 16. axb5 Qb6 17. Ne5 Bh5 18. f3 Rfd8 19. Re1 a6 20. Nc4 Qxb5 21. Nxd6
Qxe2 22. Rxe2 Rxd6 23. e4 Nf4 24. Re3 Rb6 25. g3 Nh3+ 26. Kg2 Ng5 27. g4 Bg6
28. Rc1 Rxc1 29. Nxc1 h5 30. h4 Ngh7 31. g5 Nd7 32. Rc3 f6 33. Rc8+ Ndf8 34.
gxf6 gxf6 35. Ba3 Bf7 36. Bc5 Rb5 37. d5 exd5 38. Bxd5 Bxd5 39. exd5 Rb2+ 40.
Kg3 Kf7 41. Nd3 Rb1 42. Rc7+ Kg8 43. Nf4 b6 44. Be7 b5 45. d6 Rd1 46. Rb7 Kh8
47. Rb8 Kg7 48. Nxh5+ Kf7 49. Nxf6 Rd4 50. Nxh7 Nxh7 51. Rb6 b4 52. Rxa6 b3 53.
Rb6 Rd3 54. Kg4 Kg8 55. h5 1-0

[Event "Werner-Ott-Open Kreuzberger Sommer 2017"]
[Site "Berlin"]
[Date "2018.06.30"]
[Round "1.14"]
[White "Katzenbach, Linus"]
[Black "Krefenstein, Sergej"]
[Result "0-1"]
[WhiteElo "1716"]
[BlackElo "2119"]
[PlyCount "64"]
[EventDate "2018.06.30"]
[EventType "swiss"]
[EventRounds "9"]
[EventCountry "GER"]
[SourceTitle "WOOKS 2018"]
[Source "SC Kreuzberg"]
[SourceDate "2018.06.30"]
[SourceVersion "1"]
[SourceVersionDate "2018.06.30"]
[SourceQuality "1"]
[WhiteTeam "SC Borussia Lichtenberg"]
[BlackTeam "TuS Makkabi Berlin"]
[WhiteTeamCountry "GER"]
[BlackTeamCountry "GER"]

1. e4 c5 2. Nf3 d6 3. d4 cxd4 4. Nxd4 Nf6 5. Nc3 g6 6. Be2 Bg7 7. O-O O-O 8.
Be3 Nc6 9. h3 Bd7 10. Qd2 Rc8 11. f4 a6 12. a3 Qc7 13. Nb3 Rfd8 14. Rad1 b5 15.
Nd5 Qb7 16. Na5 Nxa5 17. Nxe7+ Kh8 18. Nxc8 Rxc8 19. Qxa5 Qxe4 20. Qb6 Re8 21.
Rf3 Nd5 22. Rxd5 Qxd5 23. c3 Qc6 24. Rf2 Kg8 25. Bf3 Qxb6 26. Bxb6 Bf5 27. Kh2
Be4 28. Bxe4 Rxe4 29. Rd2 Rxf4 30. Rxd6 Be5 31. Rd8+ Kg7 32. Bd4 Rxd4+ 0-1

[Event "Werner-Ott-Open Kreuzberger Sommer 2017"]
[Site "Berlin"]
[Date "2018.06.30"]
[Round "1.15"]
[White "Sommaro, Katja"]
[Black "Becker, Werner"]
[Result "1-0"]
[WhiteElo "2087"]
[BlackElo "1707"]
[PlyCount "68"]
[EventDate "2018.06.30"]
[EventType "swiss"]
[EventRounds "9"]
[EventCountry "GER"]
[SourceTitle "WOOKS 2018"]
[Source "SC Kreuzberg"]
[SourceDate "2018.06.30"]
[SourceVersion "1"]
[SourceVersionDate "2018.06.30"]
[SourceQuality "1"]
[WhiteTeam "SV Berolina Mitte"]
[BlackTeam "SV Koenigsee"]
[WhiteTeamCountry "GER"]
[BlackTeamCountry "GER"]

1. c4 e5 2. Nc3 Nf6 3. g3 Bc5 4. Bg2 d6 5. Na4 Nbd7 6. Nxc5 Nxc5 7. b4 Ne6 8.
Bb2 O-O 9. e3 Qe7 10. Ne2 c6 11. O-O Nc7 12. f4 Bg4 13. h3 Bxe2 14. Qxe2 exf4
15. Rxf4 Ne6 16. Rxf6 gxf6 17. Rf1 f5 18. Rxf5 f6 19. Qg4+ Qg7 20. Qh4 Ng5 21.
b5 Qg6 22. g4 Rac8 23. Bxf6 Ne6 24. Qf2 Rc7 25. Bc3 Rcf7 26. e4 Ng7 27. Qd4 c5
28. Qe3 h6 29. Rxf7 Rxf7 30. e5 Kf8 31. Bd5 Ne6 32. exd6 Qb1+ 33. Kh2 Qf1 34.
Qxh6+ Ng7 1-0

[Event "Werner-Ott-Open Kreuzberger Sommer 2017"]
[Site "Berlin"]
[Date "2018.06.30"]
[Round "1.16"]
[White "Kreuchauf, Olaf"]
[Black "Zschaebitz, Klaus"]
[Result "1-0"]
[WhiteElo "1693"]
[BlackElo "2082"]
[PlyCount "79"]
[EventDate "2018.06.30"]
[EventType "swiss"]
[EventRounds "9"]
[EventCountry "GER"]
[SourceTitle "WOOKS 2018"]
[Source "SC Kreuzberg"]
[SourceDate "2018.06.30"]
[SourceVersion "1"]
[SourceVersionDate "2018.06.30"]
[SourceQuality "1"]
[WhiteTeam "SC Eintracht Berlin"]
[BlackTeam "BSG 1827 Eckbauer"]
[WhiteTeamCountry "GER"]
[BlackTeamCountry "GER"]

1. c4 e6 2. g3 d5 3. Bg2 Nf6 4. Nf3 Be7 5. O-O O-O 6. d4 c5 7. cxd5 Qxd5 8. Nc3
Qd8 9. Be3 Nbd7 10. h3 Qa5 11. Qa4 Qxa4 12. Nxa4 Nd5 13. Bd2 f5 14. Rac1 b6 15.
dxc5 bxc5 16. Ng5 Rf6 17. Nxe6 Bb7 18. Nexc5 Nxc5 19. Nxc5 Bc6 20. Bg5 Rg6 21.
Bxd5+ Bxd5 22. Bxe7 Re8 23. Bd6 Rxd6 24. e3 Bf3 25. Nb3 Be4 26. Nd4 g5 27. f3
Bd3 28. Rfe1 f4 29. Nc2 Rh6 30. Kg2 fxg3 31. e4 Rb6 32. b3 Rf8 33. Ne3 Ra6 34.
a4 Raf6 35. Nf5 h5 36. Kxg3 Ba6 37. Rc7 R8f7 38. Rec1 Be2 39. Rxf7 Rxf7 40.
Nh6+ 1-0

[Event "Werner-Ott-Open Kreuzberger Sommer 2017"]
[Site "Berlin"]
[Date "2018.06.30"]
[Round "1.17"]
[White "Schulz, Hartmut"]
[Black "Tedesco, Gennaro"]
[Result "1-0"]
[WhiteElo "2080"]
[BlackElo "1688"]
[PlyCount "105"]
[EventDate "2018.06.30"]
[EventType "swiss"]
[EventRounds "9"]
[EventCountry "GER"]
[SourceTitle "WOOKS 2018"]
[Source "SC Kreuzberg"]
[SourceDate "2018.06.30"]
[SourceVersion "1"]
[SourceVersionDate "2018.06.30"]
[SourceQuality "1"]
[WhiteTeam "SC Rochade"]
[BlackTeam "SC Kreuzberg"]
[WhiteTeamCountry "GER"]
[BlackTeamCountry "GER"]

1. d4 d5 2. Nf3 Nf6 3. c4 c6 4. Nc3 e6 5. Bg5 Be7 6. e3 Nbd7 7. Qc2 O-O 8. Rd1
b6 9. Bd3 h6 10. Bh4 dxc4 11. Bxc4 b5 12. Be2 Bb7 13. O-O a6 14. Rd2 Qb6 15.
Ne5 Rfe8 16. Nxd7 Nxd7 17. Bxe7 Rxe7 18. Ne4 Qc7 19. Rc1 Rc8 20. Nc5 Nxc5 21.
Qxc5 Rd7 22. Bf3 Qd6 23. Rdc2 Qxc5 24. Rxc5 Rdc7 25. e4 Kf8 26. d5 Ke7 27. dxe6
fxe6 28. Kf1 Rd8 29. Ke1 Rcd7 30. R1c2 Rc7 31. e5 Rdc8 32. Be4 g5 33. Ke2 Kd7
34. Ke3 Rf8 35. Bf3 Rf4 36. g3 Rf5 37. Bg4 Rf8 38. Rd2+ Ke7 39. Rd6 h5 40.
Rxe6+ Kd8 41. Rd6+ Ke7 42. Bxh5 Rh8 43. Bf3 Rxh2 44. Rg6 g4 45. Rxg4 Rh6 46.
Rg7+ Kd8 47. Rg8+ Ke7 48. Be4 Kf7 49. Rd8 Ke7 50. Rd2 Rd7 51. Rdc2 Rc7 52. f4
Kd7 53. f5 1-0

[Event "Werner-Ott-Open Kreuzberger Sommer 2017"]
[Site "Berlin"]
[Date "2018.06.30"]
[Round "1.18"]
[White "Fiedler, Ronald"]
[Black "Kather, Yannick"]
[Result "0-1"]
[WhiteElo "1663"]
[BlackElo "2053"]
[PlyCount "60"]
[EventDate "2018.06.30"]
[EventType "swiss"]
[EventRounds "9"]
[EventCountry "GER"]
[SourceTitle "WOOKS 2018"]
[Source "SC Kreuzberg"]
[SourceDate "2018.06.30"]
[SourceVersion "1"]
[SourceVersionDate "2018.06.30"]
[SourceQuality "1"]
[WhiteTeam "SpVg Laeufer Reinickendorf"]
[BlackTeam "SC Weisse Dame"]
[WhiteTeamCountry "GER"]
[BlackTeamCountry "GER"]

1. d4 Nf6 2. c4 g6 3. Nc3 d5 4. cxd5 Nxd5 5. e4 Nxc3 6. bxc3 Bg7 7. Bc4 c5 8.
Be3 O-O 9. Ne2 Nc6 10. d5 Na5 11. Bb3 b6 12. Rb1 Ba6 13. Qc2 Nc4 14. Bc1 Ne5
15. c4 b5 16. O-O bxc4 17. Ba4 Rb8 18. Bd2 Rxb1 19. Rxb1 c3 20. Bxc3 Bd3 21.
Qd1 Bxb1 22. Qxb1 Nd7 23. Qd3 Bxc3 24. Nxc3 Qc7 25. Qb5 Ne5 26. f4 Ng4 27. e5
Rb8 28. Qd3 c4 29. Qd4 Qa5 30. Qxc4 Qxc3 0-1

[Event "Werner-Ott-Open Kreuzberger Sommer 2017"]
[Site "Berlin"]
[Date "2018.06.30"]
[Round "1.19"]
[White "Gebigke, Martin"]
[Black "Sondermann, Jonathan"]
[Result "1-0"]
[WhiteElo "2050"]
[BlackElo "1659"]
[PlyCount "79"]
[EventDate "2018.06.30"]
[EventType "swiss"]
[EventRounds "9"]
[EventCountry "GER"]
[SourceTitle "WOOKS 2018"]
[Source "SC Kreuzberg"]
[SourceDate "2018.06.30"]
[SourceVersion "1"]
[SourceVersionDate "2018.06.30"]
[SourceQuality "1"]
[WhiteTeam "SC Kreuzberg"]
[BlackTeam "SC Borussia Lichtenberg"]
[WhiteTeamCountry "GER"]
[BlackTeamCountry "GER"]

1. d4 Nf6 2. c4 g6 3. Nc3 Bg7 4. e4 O-O 5. Nf3 d6 6. Be2 Nbd7 7. O-O e5 8. Be3
exd4 9. Nxd4 c6 10. Qd2 Nb6 11. Nc2 Re8 12. f3 Be6 13. b3 d5 14. e5 Nfd7 15. c5
Nc8 16. f4 f6 17. Nd4 fxe5 18. Nxe6 Rxe6 19. Nxd5 Kh8 20. Bg4 Re8 21. Rad1 Nf6
22. Nxf6 Qxf6 23. fxe5 Qxe5 24. Rf7 Kg8 25. Rxb7 Qxe3+ 26. Qxe3 Rxe3 27. Rd8+
Bf8 28. Bxc8 Re2 29. Be6+ Rxe6 30. Rxa8 Re5 31. b4 Rd5 32. Kf2 Rd2+ 33. Kf3
Rd3+ 34. Ke4 Rd2 35. Ke3 Rd1 36. Rbxa7 Rb1 37. Rb7 Rc1 38. a4 Rf1 39. a5 Re1+
40. Kf2 1-0

[Event "Werner-Ott-Open Kreuzberger Sommer 2017"]
[Site "Berlin"]
[Date "2018.06.30"]
[Round "1.20"]
[White "Zhou, Lepu Coco"]
[Black "Kirchhof, Arno"]
[Result "0-1"]
[WhiteElo "1641"]
[BlackElo "2041"]
[PlyCount "124"]
[EventDate "2018.06.30"]
[EventType "swiss"]
[EventRounds "9"]
[EventCountry "GER"]
[SourceTitle "WOOKS 2018"]
[Source "SC Kreuzberg"]
[SourceDate "2018.06.30"]
[SourceVersion "1"]
[SourceVersionDate "2018.06.30"]
[SourceQuality "1"]
[WhiteTeam "Schachpinguine Berlin"]
[BlackTeam "SC Zugzwang 95"]
[WhiteTeamCountry "GER"]
[BlackTeamCountry "GER"]

1. e4 e6 2. d4 d5 3. Nc3 Bb4 4. e5 c5 5. a3 Bxc3+ 6. bxc3 Ne7 7. Bd3 Nbc6 8.
Nf3 Qa5 9. O-O Bd7 10. Rb1 c4 11. Be2 O-O-O 12. Bd2 Nb8 13. Qc1 Ba4 14. Ng5
Rdf8 15. Bg4 Nd7 16. f4 h6 17. Nf3 g6 18. Bh3 Rfg8 19. Be1 Nc6 20. Qb2 Qb6 21.
Qxb6 axb6 22. Rb2 Ne7 23. g4 Kc7 24. Bg2 f6 25. exf6 Nxf6 26. Ne5 g5 27. fxg5
Nd7 28. Nf7 Rh7 29. Bg3+ Kc6 30. Re1 e5 31. Nxe5+ Nxe5 32. Rxe5 Rxg5 33. Re6+
Kd7 34. Rd6+ Ke8 35. Rdxb6 Bc6 36. a4 Rxg4 37. a5 Rhg7 38. a6 bxa6 39. Rxa6 h5
40. Rb8+ Kf7 41. Rh8 R4g5 42. Kf1 Bd7 43. Ke1 Ng6 44. Rb8 h4 45. Rb7 Nf8 46.
Be5 Rxg2 47. Bxg7 Kxg7 48. Rd6 Rxh2 49. Rbxd7+ Nxd7 50. Rxd7+ Kg6 51. Rxd5 Rxc2
52. Rd6+ Kg5 53. Re6 h3 54. Re5+ Kf4 55. Rh5 h2 56. Kd1 Ra2 57. Kc1 h1=Q+ 58.
Rxh1 Ra1+ 59. Kb2 Rxh1 60. Ka3 Rb1 61. Ka4 Ke4 62. Ka5 Rb3 0-1